Ran /

Es un relato acerca de la caída del antaño poderoso clan Ichimonji después de que su patriarca Hidetora tome la decisión de dar el control de su reino a sus tres hijos: Taro, Jiro y Saburo. Taro, el mayor, recibe el prestigioso Primer Castillo y se convierte en el líder del clan Ichimonji, mientras...

Descripción completa

Detalles Bibliográficos
Otros Autores: Kurosawa, Akira (Conductor)
Formato: VHS
Publicado: Japon DVD Video 1985
Materias:

MARC

LEADER 00000cgm a2200000 a 4500
001 030714
003 UAHC_CL
005 20170803123241.0
008 111214b1985 ja 000 jap
040 |a UAHC_CL  |c UAHC_CL  |d UAHC_CL 
245 1 0 |a Ran /  |c Akira Kurosawa. 
260 |a Japon  |b DVD Video  |c 1985 
300 |a 2 videodiscos (160 min.) 
500 |a Contiene 2 discos 
520 |a Es un relato acerca de la caída del antaño poderoso clan Ichimonji después de que su patriarca Hidetora tome la decisión de dar el control de su reino a sus tres hijos: Taro, Jiro y Saburo. Taro, el mayor, recibe el prestigioso Primer Castillo y se convierte en el líder del clan Ichimonji, mientras que a Jiro y a Saburo se les concede los castillos Segundo y Tercero, respectivamente. Jiro y Saburo tienen que apoyar a Taro, y Hidetora les ilustra esta orden mediante la imagen de un haz de flechas.3 Hidetora seguirá siendo el líder oficial y mantendrá el título de Gran Señor. Saburo critica la lógica de su padre. Hidetora consiguió su poder mediante la traición, le dice, y sin embargo espera que sus hijos le sean leales. Hidetora confunde este comentario con una amenaza y, cuando su sirviente Tango sale a defender a Saburo, les destierra a ambos. 
650 4 |a CINE 
700 1 |a Kurosawa, Akira  |e dir. 
900 |a DVD-445 
942 |c VHS 
952 |0 0  |1 0  |4 0  |6 DVD_445  |7 0  |8 Referencia  |9 60076  |a BC  |b BC  |c Referencia  |d 2017-08-03  |l 0  |o DVD-445  |p 1385127  |r 2022-01-14 00:00:00  |t 1  |w 2017-08-03  |y DVD 
999 |c 30714  |d 30714